000 00883nam a22002657a 4500
005 20100601152636.0
008 100601t xxu||||| |||| 00| 0 eng d
010 _aENG-96248
020 _a9780070681965
_c485.00
020 _a0070681961
_c485.00
035 _aEN-79781
037 _bDBAD/PUB
040 _aDPL
_bEng
082 _a 658.1511
100 _aKhan, M. Y.
245 _aManagement accounting :
_cby M. Y. Khan [and] P K. Jain
_btext, problems and cases /
250 _a5th ed
260 _aNew Delhi
_bTata Mcgraw Hill
_c2010
270 _a7,West Patel Nagar
_bNew Delhi
_e110008
300 _avarious pagings
_c24 cm (pbk)
500 _aincludes index
700 _aJain, P. K.
942 _2ddc
_cEN
_mKHA
_h 658.1511
999 _c36451
_d36451